The armies of India / (Record no. 552245)
[ view plain ]
| 000 -LEADER | |
|---|---|
| fixed length control field | 00716cam a22002294a 4500 |
| 020 ## - INTERNATIONAL STANDARD BOOK NUMBER | |
| International Standard Book Number | 1935501011 (hbk.) |
| 020 ## - INTERNATIONAL STANDARD BOOK NUMBER | |
| International Standard Book Number | 9781935501015 (hbk.) |
| 082 00 - DEWEY DECIMAL CLASSIFICATION NUMBER | |
| Classification number | 355.00954 |
| Author Mark | ARM |
| -- | D |
| 100 1# - MAIN ENTRY--PERSONAL NAME | |
| Personal name | Lovett, Alfred Crowdy, |
| 9 (RLIN) | 49466 |
| 245 14 - TITLE STATEMENT | |
| Title | The armies of India / |
| Statement of responsibility, etc. | Major A.C. Lovett. |
| 250 ## - EDITION STATEMENT | |
| Edition statement | IDR net ed. |
| 260 ## - PUBLICATION, DISTRIBUTION, ETC. | |
| Place of publication, distribution, etc. | New Delhi ; |
| -- | Frankfort, IL. : |
| Name of publisher, distributor, etc. | Lancer, |
| Date of publication, distribution, etc. | c2009 |
| 300 ## - PHYSICAL DESCRIPTION | |
| Extent | 224 p. : |
| Other physical details | ill., |
| Dimensions | 19 cm. |
| 500 ## - GENERAL NOTE | |
| General note | "The Gloucestershire Regiment." |
| 500 ## - GENERAL NOTE | |
| General note | Includes index. |
| 500 ## - GENERAL NOTE | |
| General note | Originally published: 1911. |
| 526 ## - STUDY PROGRAM INFORMATION NOTE | |
| Program name | 0 |
| Interest level | 0 |
| Reading level | 0 |
| Title point value | 355_009540000000000_ARM |
| 650 ## - SUBJECT ADDED ENTRY--TOPICAL TERM | |
| Topical term or geographic name entry element | MCE |
| 9 (RLIN) | 379 |
| 700 1# - ADDED ENTRY--PERSONAL NAME | |
| Personal name | MacMunn, George Fletcher, |
| 9 (RLIN) | 49467 |
| 700 1# - ADDED ENTRY--PERSONAL NAME | |
| Personal name | MacMunn, George Fletcher, |
| 9 (RLIN) | 49467 |
| 942 ## - ADDED ENTRY ELEMENTS (KOHA) | |
| Source of classification or shelving scheme | |
| Koha item type | Book |
| Withdrawn status | Lost status | Source of classification or shelving scheme | Damaged status | Not for loan | Permanent Location | Current Location | Shelving location | Date acquired | Total Checkouts | Full call number | Barcode | Date last seen | Price effective from | Koha item type |
|---|---|---|---|---|---|---|---|---|---|---|---|---|---|---|
| Military College of Engineering (MCE) | Military College of Engineering (MCE) | 01/13/2015 | 355.00954 ARM | MCE-ECA/12 | 01/13/2015 | 01/13/2015 | Book |
